000 00458nam a2200157Ia 4500
999 _c18950
_d18950
003 OSt
005 20200707122403.0
008 190216s9999||||xx |||||||||||||| ||und||
040 _coclc
082 _a956
_bKIR/S
100 _aKirk, George E
_93606
245 2 _aA Short History Of The Middle East /
_cGeorge E Kirk
260 _bUniversity Ppaerbacks,
_aLondon:
_c1966.
300 _a336p
942 _cBK
_2ddc
_h956
_iKIR/S
_k956
_mKIR/S